| 000 | 00503nam a2200181Ia 4500 | ||
|---|---|---|---|
| 008 | 230718s9999 xx 000 0 und d | ||
| 020 | _a9788175054110 | ||
| 041 | _aeng | ||
| 082 |
_a891.46'54 _bADV |
||
| 100 | _aAdvaita Ashrama | ||
| 245 |
_aThe Complete Works Of Swami Vivekananda Vol. 7 _b150th Birth Anniversary Edition |
||
| 250 | _a12th ed. | ||
| 260 |
_c2013 _bAdvaita Ashrama |
||
| 300 | _a534 | ||
| 365 |
_cRs. _b62.50 |
||
| 700 | _aAdvaita Ashrama | ||
| 906 |
_dO:0573003-Oct-2017 _cGENRL |
||
| 999 |
_c345532 _d345532 |
||